Case studies of victims and survivors of modern slavery and human trafficking

Guardado en:  
Detalles Bibliográficos
Autor principal: Snowden, Ann (Autor)
Tipo de documento: Electrónico Artículo
Lenguaje:Inglés
Publicado: 2024
En: Prison service journal
Año: 2024, Volumen: 274, Páginas: 48-54
Acceso en línea: Volltext (kostenfrei)
Verificar disponibilidad: HBZ Gateway
Palabras clave:

MARC

LEADER 00000caa a22000002c 4500
001 1915457564
003 DE-627
005 20250925102141.0
007 cr uuu---uuuuu
008 250123s2024 xx |||||o 00| ||eng c
035 |a (DE-627)1915457564 
035 |a (DE-599)KXP1915457564 
040 |a DE-627  |b ger  |c DE-627  |e rda 
041 |a eng 
084 |a 2,1  |2 ssgn 
100 1 |a Snowden, Ann  |e VerfasserIn  |4 aut 
245 1 0 |a Case studies of victims and survivors of modern slavery and human trafficking  |c Ann Snowden 
264 1 |c 2024 
336 |a Text  |b txt  |2 rdacontent 
337 |a Computermedien  |b c  |2 rdamedia 
338 |a Online-Ressource  |b cr  |2 rdacarrier 
650 4 |a Ausbeutung 
650 4 |a Kriminalität 
650 4 |a Kriminologie 
650 4 |a Fallstudie 
650 4 |a Empirische Forschung 
773 0 8 |i Enthalten in  |t Prison service journal  |d London : Centre for Crime and Justice Studies, 2010  |g 274(2024), Seite 48-54  |h Online-Ressource  |w (DE-627)835889491  |w (DE-600)2835219-1  |w (DE-576)445663979  |7 nnas 
773 1 8 |g volume:274  |g year:2024  |g pages:48-54 
856 4 0 |u https://www.crimeandjustice.org.uk/sites/default/files/PSJ%20274%20Case%20studies%20of%20victims.pdf  |x Verlag  |z kostenfrei  |3 Volltext  |7 0 
951 |a AR 
ELC |a 1 
LOK |0 000 xxxxxcx a22 zn 4500 
LOK |0 001 4655285052 
LOK |0 003 DE-627 
LOK |0 004 1915457564 
LOK |0 005 20250923100510 
LOK |0 008 250123||||||||||||||||ger||||||| 
LOK |0 040   |a DE-21-110  |c DE-627  |d DE-21-110 
LOK |0 092   |o n 
LOK |0 852   |a DE-21-110 
LOK |0 852 1  |9 00 
LOK |0 939   |a 23-01-25  |b l01 
OAS |a 1 
ORI |a SA-MARC-krimdoka001.raw